TOP 10 Biggest Cities In Brazil - Statistics

General Stats
  • This quiz has been taken 45 times
  • The average score is 7 of 10
Answer Stats
Nr Residents Answer % Correct
2. 6.520.000 Rio de Janeiro
100%
3. 3.039.000 Brasilia
94%
4. 2.953.000 Salvador
71%
1. 12.106.000 Sao Paulo
71%
6. 2.532.000 Belo Horizonte
68%
10. 1.484.000 Porto Alegre
68%
9. 1.633.000 Recife
68%
5. 2.627.000 Fortaleza
59%
7. 2.130.000 Manaus
59%
8. 1.908.000 Curitiba
53%
No matching quizzes found
Score Distribution
Percent of People with Each Score
Percentile by Number Answered
Your Score History
You have not taken this quiz